Química General / (Record no. 116536)

MARC details
000 -LEADER
campo de control de longitud fija 00599nam a2200169 4500
001 - NÚMERO DE CONTROL
campo de control 116536
003 - IDENTIFICADOR DE NÚMERO DE CONTROL
campo de control ES-MaACL
007 - CAMPO FIJO DE DESCRIPCIÓN FÍSICA--INFORMACIÓN GENERAL
campo de control de longitud fija t|
008 - DATOS DE LONGITUD FIJA--INFORMACIÓN GENERAL
campo de control de longitud fija 061121s1949 sp r ||||1| spa d
100 1# - ENTRADA PRINCIPAL--NOMBRE DE PERSONA
Nombre de persona Pauling, Linus.
9 (RLIN) 89657
245 10 - MENCIÓN DEL TÍTULO
Título Química General /
Mención de responsabilidad, etc. Linus Pauling ; ilustraciones de Roger Hayward ; traducida del inglés por el Dr. José I. Fernández Alonso.
260 ## - PUBLICACIÓN, DISTRIBUCIÓN, ETC.
Lugar de publicación, distribución, etc. Madrid :
Nombre del editor, distribuidor, etc. Aguilar Selecciones Gráficas,
Fecha de publicación, distribución, etc. 1949.
300 ## - DESCRIPCIÓN FÍSICA
Extensión XXVII, 622 p. :
Otras características físicas il. ;
Dimensiones 22 cm.
700 1# - ENTRADA AGREGADA--NOMBRE PERSONAL
Nombre de persona Hayward, Roger.
9 (RLIN) 62224
700 1# - ENTRADA AGREGADA--NOMBRE PERSONAL
Nombre de persona Fernández Alonso, José I.
9 (RLIN) 49448
852 ## - LOCALIZACIÓN
Ubicación ES-MaACL
Número de control de estantería B-2252
Sublocalización o colección R.21103
Holdings
Estatus retirado Estado de pérdida Estado de daño No para préstamo Biblioteca de origen Biblioteca actual Ubicación en estantería Fecha de adquisición Fuente de adquisición Total de préstamos Signatura topográfica completa Código de barras Visto por última vez Precio de reemplazo Tipo de ítem Koha
        Biblioteca del Ateneo de Madrid Biblioteca del Ateneo de Madrid Sala Pardo Bazán 17/01/2008     B-2252 1121518 23/02/2023 23/02/2023 Libro impreso